MARC details
| 000 -BAŞLIK |
| Sabit Uzunlukta Kontrol Alanı |
01406na a2200337 4500 |
| 001 - KONTROL NUMARASI |
| Denetim Alanı |
17247 |
| 003 - KONTROL NUMARASI IDENTIFIER |
| Denetim Alanı |
MIRAKIL |
| 005 - SON İŞLEM TARİHİ VE ZAMANI |
| Denetim Alanı |
20181213154934.0 |
| 008 - SABİT-BOY VERİ ELEMANLARI - GENEL BİLGİLER |
| Sabit Uzunlukta Kontrol Alanı |
161023b tu 000 0 |
| 035 ## - SİSTEM KONTROL NUMARASI |
| Sistem Kontrol Numarası |
17247 |
| 040 ## - KATALOGLAMA KAYNAK |
| Orijinal Kataloglama Ajansı |
Milas |
| Kataloglama Dili |
tur |
| Metne Dönüştürmek Ajansı |
TR-AnCHP |
| 041 ## - DİL KODU |
| Metin / Ses Parça Veya Ayrı Başlığın Dil Kodu |
tur |
| 082 ## - DEWEY ONLU SINIFLANDIRMA NUMARASI |
| Sınıflandırma Numarası |
CHP 324.2172 MYK |
| Ürün Numarası |
C36c 1994-1996 |
| 090 ## - SINIFLAMA NUMARASI |
| Sınıflama Numarası |
CHP 324.2172 MYK C36c 1994-1996 |
| 110 ## - ANA GİRİŞ - KURUMSAL ADI |
| Giriş Elemanı Olarak Kurumsal Ad Veya Yargı Alanı Adı |
CHP Merkez Yönetim Kurulu |
| 240 ## - ÜNİFORM BAŞLIK |
| Üniforma Başlık |
<a href="1994-1996 Merkez Yönetim kurulu raporları">1994-1996 Merkez Yönetim kurulu raporları</a> |
| 245 ## - BAŞLIK TABLOSU |
| Başlık |
CHP Parti Meclisine sunulan MYK raporu |
| Başlığın Kalan |
11 Nisan 1994- 23 Haziran 1996 |
| Sorumluluk Tablosu, Vb |
CHP Merkez Yönetim Kurulu |
| 246 ## - UNVAN FORM VARYING |
| Başlık Doğru / Kısa Başlığı |
CHP Merkez Yönetim Kurulu raporu |
| 260 ## - YAYIN, DAĞITIM, VB |
| Yayın, Dağıtım, Vb Yeri |
Ankara |
| Yayıncı, Dağıtıcı, Vs Adı |
CHP |
| Yayın, Dağıtım, Vb Tarihi |
1994-1996 |
| 300 ## - FİZİKSEL TANIM |
| Kapsam |
yklş. 40 s. |
| Boyutlar |
30 sm. |
| 490 ## - SERİSİ TABLOSU |
| Seri Beyanı |
Cumhuriyet Halk Partisi Merkez Yönetim Kurulu yayınları |
| 500 ## - GENEL NOT |
| Genel Not |
Yerel numaradaki sayılar, raporların sunulduğu ayları temsil eder : Ocak -1 ; Şubat - 2 ; Mart - 3 ; Nisan - 4 ; Mayıs - 5; Haziran - 6 ; Temmuz - 7; Ağustos - 8; Eylül - 9; Ekim - 10; Kasım - 11 ; Aralık - 12. |
| 500 ## - GENEL NOT |
| Genel Not |
"MYK Raporu ve ekleri" |
| 505 ## - BİÇİMLENDİRİLDİ İÇİNDEKİLER NOT |
| Biçimlendirilmiş İçeriği Dikkat |
11 Nisan 1994 -- 29 Haziran 1995 -- 11 Ocak 1996 -- 23 Haziran 1996 |
| 610 ## - KONU KATMA GİRİŞ - TOPLANTI ADI |
| Giriş Elemanı Olarak Kurumsal Ad Veya Yargı Alanı Adı |
Cumhuriyet Halk Partisi Merkez Yönetim Kurulu (CHP MYK) |
| Genel Alt Bölüm |
Raporlar |
| 710 ## - KATMA GİRİŞ - KURUMSAL ADI |
| Giriş Elemanı Olarak Kurumsal Ad Veya Yargı Alanı Adı |
Cumhuriyet Halk Partisi (CHP) |
| Alt Birim |
Merkez Yönetim Kurulu (MYK) |
| Toplantı Veya Antlaşma İmzalandığı Tarihi |
11 Nisan 1994 |
| 830 ## - SERİSİ EKLENDİ GİRİŞ - ÜNİFORM ADI |
| Üniforma Başlık |
CHP yayınları |
| 942 ## - EKLENDİ GİRİŞ ELEMANLARI (KOHA) |
| Sınıflandırma Veya Raf Düzeni Kaynak |
Dewey Decimal Classification |
| Koha Öğesi Türü |
Books |
| 999 ## - SİSTEM KONTROL NUMARALARI (KOHA) |
| Koha Biblionumber |
3508 |
| Koha Biblioitemnumber |
3508 |
| 655 ## - INDEX DÖNEM - TÜR / FORMU |
| -- |
Rapor |